000 00429nam a2200109Ia 4500
008 170221s9999 xx 000 0 und d
100 _aYi Dong
245 4 _aThe Impact of NASD Rule 2711 and NYSE Rule 472 on Analyst Behavior: The Strategic Timing of Recommendations Issued on Weekends (pages 950–975)
245 _cYi Dong and Nan Hu
650 _xBusiness
856 _uhttp://onlinelibrary.wiley.com/doi/10.1111/jbfa.12211/pdf
999 _c307910
_d307910